00353nam a2200133Ia 4500008004100000041000800041082002400049100001300073245004700086250001100133260005000144300001300194650001200207260417s2024 xx 000 0 und d aeng a615.19/RAJbDI-1371 aV.N.RAJE aPHARMA SUCCESS AN EXCELLENT KEY TO ACHIEVE a1ST ed aPUNEb2024bCBS PUB AND DISTRI BUTERS PVT LTD aP.B.440p aGENERAL